<?xml version="1.0" encoding="UTF-8"?>
<record
    xmlns:xsi="http://www.w3.org/2001/XMLSchema-instance"
    xsi:schemaLocation="http://www.loc.gov/MARC21/slim http://www.loc.gov/standards/marcxml/schema/MARC21slim.xsd"
    xmlns="http://www.loc.gov/MARC21/slim">

  <leader>01984cam a22003971i 4500</leader>
  <controlfield tag="003">SA-RiAUC</controlfield>
  <controlfield tag="005">20250723063521.0</controlfield>
  <controlfield tag="008">250721s2007    ua     g     f000 0dara c</controlfield>
  <datafield tag="020" ind1=" " ind2=" ">
    <subfield code="z">977437259X</subfield>
  </datafield>
  <datafield tag="040" ind1=" " ind2=" ">
    <subfield code="a">MA-HhKAF</subfield>
    <subfield code="b">ara</subfield>
    <subfield code="c">SA-RiAUC.</subfield>
    <subfield code="e">rda</subfield>
  </datafield>
  <datafield tag="041" ind1="1" ind2=" ">
    <subfield code="a">ara</subfield>
    <subfield code="h">eng</subfield>
  </datafield>
  <datafield tag="043" ind1=" " ind2=" ">
    <subfield code="a">ar-----</subfield>
  </datafield>
  <datafield tag="072" ind1=" " ind2="7">
    <subfield code="a">MAI</subfield>
  </datafield>
  <datafield tag="082" ind1="0" ind2="4">
    <subfield code="a">915.304</subfield>
  </datafield>
  <datafield tag="090" ind1=" " ind2=" ">
    <subfield code="a">915.304 </subfield>
    <subfield code="b">  &#x628; &#x648; &#x631;</subfield>
  </datafield>
  <datafield tag="100" ind1="1" ind2=" ">
    <subfield code="a">&#x628;&#x648;&#x631;&#x643;&#x647;&#x627;&#x631;&#x62A;&#x60C; &#x62C;&#x648;&#x646; &#x644;&#x648;&#x64A;&#x633;&#x60C;</subfield>
    <subfield code="d">1784-1817</subfield>
    <subfield code="e">&#x645;&#x624;&#x644;&#x641;.</subfield>
  </datafield>
  <datafield tag="240" ind1="1" ind2="0">
    <subfield code="a">Notes on the Bedouins and Wah&#xE1;bys.</subfield>
    <subfield code="l">Arabic</subfield>
  </datafield>
  <datafield tag="245" ind1="1" ind2="0">
    <subfield code="a">&#x645;&#x644;&#x627;&#x62D;&#x638;&#x627;&#x62A; &#x639;&#x646; &#x627;&#x644;&#x628;&#x62F;&#x648; &#x648;&#x627;&#x644;&#x648;&#x647;&#x627;&#x628;&#x64A;&#x64A;&#x646; &#x62C;&#x631;&#x649; &#x62C;&#x645;&#x639;&#x647; &#x62E;&#x644;&#x627;&#x644; &#x627;&#x644;&#x62A;&#x62C;&#x648;&#x627;&#x644; &#x641;&#x64A; &#x627;&#x644;&#x634;&#x631;&#x642; /</subfield>
    <subfield code="c">&#x62C;&#x648;&#x646; &#x644;&#x648;&#x64A;&#x633; &#x628;&#x648;&#x631;&#x643;&#x647;&#x627;&#x631;&#x62A; &#x61B; &#x62A;&#x631;&#x62C;&#x645;&#x629; &#x635;&#x628;&#x631;&#x64A; &#x645;&#x62D;&#x645;&#x62F; &#x62D;&#x633;&#x646; &#x61B; &#x645;&#x631;&#x627;&#x62C;&#x639;&#x629; &#x645;&#x62D;&#x645;&#x62F; &#x635;&#x627;&#x628;&#x631; &#x639;&#x631;&#x628;.</subfield>
  </datafield>
  <datafield tag="264" ind1=" " ind2="1">
    <subfield code="a">&#x627;&#x644;&#x642;&#x627;&#x647;&#x631;&#x629; :</subfield>
    <subfield code="b">&#x627;&#x644;&#x645;&#x631;&#x643;&#x632; &#x627;&#x644;&#x642;&#x648;&#x645;&#x64A; &#x644;&#x644;&#x62A;&#x631;&#x62C;&#x645;&#x629;&#x60C;</subfield>
    <subfield code="c">2007</subfield>
  </datafield>
  <datafield tag="300" ind1=" " ind2=" ">
    <subfield code="a">2 &#x645;&#x62C; (237 &#x61B; 235 &#x635;&#x641;&#x62D;&#x629; ) &#x61B;</subfield>
    <subfield code="c">24 &#x633;&#x645;.</subfield>
  </datafield>
  <datafield tag="336" ind1=" " ind2=" ">
    <subfield code="a">&#x646;&#x635;</subfield>
    <subfield code="b">txt</subfield>
    <subfield code="2">rdacontent</subfield>
    <subfield code="3">&#x643;&#x62A;&#x627;&#x628;</subfield>
  </datafield>
  <datafield tag="337" ind1=" " ind2=" ">
    <subfield code="a">&#x628;&#x62F;&#x648;&#x646; &#x648;&#x633;&#x64A;&#x637;</subfield>
    <subfield code="b">n</subfield>
    <subfield code="2">rdamedia</subfield>
  </datafield>
  <datafield tag="338" ind1=" " ind2=" ">
    <subfield code="a">&#x645;&#x62C;&#x644;&#x62F;</subfield>
    <subfield code="b">nc</subfield>
    <subfield code="2">rdacarrier</subfield>
  </datafield>
  <datafield tag="490" ind1="1" ind2=" ">
    <subfield code="a">&#x627;&#x644;&#x645;&#x634;&#x631;&#x648;&#x639; &#x627;&#x644;&#x642;&#x648;&#x645;&#x64A; &#x644;&#x644;&#x62A;&#x631;&#x62C;&#x645;&#x629; &#x61B;</subfield>
    <subfield code="v">1227&#x60C; 1228</subfield>
  </datafield>
  <datafield tag="500" ind1=" " ind2=" ">
    <subfield code="a">&#x63A;&#x644;&#x627;&#x641; &#x645;&#x635;&#x648;&#x631;.</subfield>
  </datafield>
  <datafield tag="600" ind1="1" ind2="7">
    <subfield code="a">&#x628;&#x648;&#x631;&#x643;&#x647;&#x627;&#x631;&#x62A;&#x60C; &#x62C;&#x648;&#x646; &#x644;&#x648;&#x64A;&#x633;&#x60C;</subfield>
    <subfield code="d">1784-1817</subfield>
    <subfield code="x">&#x631;&#x62D;&#x644;&#x627;&#x62A;</subfield>
    <subfield code="z">&#x634;&#x628;&#x647; &#x627;&#x644;&#x62C;&#x632;&#x64A;&#x631;&#x629; &#x627;&#x644;&#x639;&#x631;&#x628;&#x64A;&#x629;</subfield>
    <subfield code="2">aucnm</subfield>
  </datafield>
  <datafield tag="650" ind1=" " ind2="7">
    <subfield code="a">&#x627;&#x644;&#x648;&#x647;&#x627;&#x628;&#x64A;&#x629;</subfield>
    <subfield code="z">&#x634;&#x628;&#x647; &#x627;&#x644;&#x62C;&#x632;&#x64A;&#x631;&#x629; &#x627;&#x644;&#x639;&#x631;&#x628;&#x64A;&#x629;</subfield>
    <subfield code="x">&#x62A;&#x627;&#x631;&#x64A;&#x62E;</subfield>
    <subfield code="2">aucsh</subfield>
  </datafield>
  <datafield tag="650" ind1=" " ind2="7">
    <subfield code="a">&#x627;&#x644;&#x628;&#x62F;&#x648;</subfield>
    <subfield code="z">&#x634;&#x628;&#x647; &#x627;&#x644;&#x62C;&#x632;&#x64A;&#x631;&#x629; &#x627;&#x644;&#x639;&#x631;&#x628;&#x64A;&#x629;</subfield>
    <subfield code="x">&#x62A;&#x627;&#x631;&#x64A;&#x62E;</subfield>
    <subfield code="2">aucsh</subfield>
  </datafield>
  <datafield tag="651" ind1=" " ind2="7">
    <subfield code="a">&#x634;&#x628;&#x647; &#x627;&#x644;&#x62C;&#x632;&#x64A;&#x631;&#x629; &#x627;&#x644;&#x639;&#x631;&#x628;&#x64A;&#x629;</subfield>
    <subfield code="x">&#x648;&#x635;&#x641; &#x648;&#x631;&#x62D;&#x644;&#x627;&#x62A;</subfield>
    <subfield code="2">aucsh</subfield>
  </datafield>
  <datafield tag="700" ind1="1" ind2=" ">
    <subfield code="a">&#x639;&#x631;&#x628;&#x60C; &#x645;&#x62D;&#x645;&#x62F; &#x635;&#x627;&#x628;&#x631;&#x60C;</subfield>
    <subfield code="d">1948-</subfield>
    <subfield code="e">&#x645;&#x631;&#x627;&#x62C;&#x639;.</subfield>
  </datafield>
  <datafield tag="700" ind1="1" ind2=" ">
    <subfield code="a">&#x62D;&#x633;&#x646;&#x60C; &#x635;&#x628;&#x631;&#x64A; &#x645;&#x62D;&#x645;&#x62F;</subfield>
    <subfield code="e">&#x645;&#x62A;&#x631;&#x62C;&#x645;.</subfield>
  </datafield>
  <datafield tag="700" ind1="1" ind2="2">
    <subfield code="i">&#x62A;&#x631;&#x62C;&#x645;&#x629; &#x644;&#x640; :</subfield>
    <subfield code="a">&#x628;&#x648;&#x631;&#x643;&#x647;&#x627;&#x631;&#x62A;&#x60C; &#x62C;&#x648;&#x646; &#x644;&#x648;&#x64A;&#x633;&#x60C;</subfield>
    <subfield code="d">1784-1817.</subfield>
    <subfield code="t">Notes on the Bedouins and Wah&#xE1;bys : collected during his travels in the East.</subfield>
  </datafield>
  <datafield tag="830" ind1=" " ind2="2">
    <subfield code="a">&#x627;&#x644;&#x645;&#x634;&#x631;&#x648;&#x639; &#x627;&#x644;&#x642;&#x648;&#x645;&#x64A; &#x644;&#x644;&#x62A;&#x631;&#x62C;&#x645;&#x629; (&#x627;&#x644;&#x645;&#x631;&#x643;&#x632; &#x627;&#x644;&#x642;&#x648;&#x645;&#x64A; &#x644;&#x644;&#x62A;&#x631;&#x62C;&#x645;&#x629;)</subfield>
    <subfield code="v">1227&#x60C; 1228</subfield>
  </datafield>
  <datafield tag="942" ind1=" " ind2=" ">
    <subfield code="2">ddc</subfield>
    <subfield code="c">BOOK</subfield>
    <subfield code="n">0</subfield>
  </datafield>
  <datafield tag="949" ind1=" " ind2=" ">
    <subfield code="a">SA-JeALM</subfield>
    <subfield code="d">250721</subfield>
    <subfield code="u">mohamedma123</subfield>
    <subfield code="n">1</subfield>
  </datafield>
  <datafield tag="952" ind1=" " ind2=" ">
    <subfield code="0">0</subfield>
    <subfield code="1">0</subfield>
    <subfield code="2">ddc</subfield>
    <subfield code="3">&#x627;&#x644;&#x62C;&#x632;&#x621; &#x627;&#x644;&#x627;&#x648;&#x644;</subfield>
    <subfield code="4">0</subfield>
    <subfield code="7">0</subfield>
    <subfield code="a">WAHAB</subfield>
    <subfield code="b">WAHAB</subfield>
    <subfield code="d">2025-07-23</subfield>
    <subfield code="l">0</subfield>
    <subfield code="o">915.304  &#x628; &#x648; &#x631;</subfield>
    <subfield code="p">000016578</subfield>
    <subfield code="r">2025-07-23 06:36:01</subfield>
    <subfield code="w">2025-07-23</subfield>
    <subfield code="y">BOOK</subfield>
  </datafield>
  <datafield tag="952" ind1=" " ind2=" ">
    <subfield code="0">0</subfield>
    <subfield code="1">0</subfield>
    <subfield code="2">ddc</subfield>
    <subfield code="3">&#x627;&#x644;&#x62C;&#x632;&#x621; &#x627;&#x644;&#x62B;&#x627;&#x646;&#x64A; </subfield>
    <subfield code="4">0</subfield>
    <subfield code="7">0</subfield>
    <subfield code="a">WAHAB</subfield>
    <subfield code="b">WAHAB</subfield>
    <subfield code="d">2025-08-03</subfield>
    <subfield code="l">0</subfield>
    <subfield code="o">915.304 &#x628; &#x648; &#x631;</subfield>
    <subfield code="p">000017025</subfield>
    <subfield code="r">2025-08-03 05:45:13</subfield>
    <subfield code="w">2025-08-03</subfield>
    <subfield code="y">BOOK</subfield>
  </datafield>
  <datafield tag="999" ind1=" " ind2=" ">
    <subfield code="c">10216</subfield>
    <subfield code="d">10216</subfield>
  </datafield>
</record>
